[Event "TUR Cup"]
[Site "Antalya"]
[Date "2020.01.30"]
[Round "7"]
[White "Kara, Yanki"]
[Black "Sevgi, Volkan"]
[Result "0-1"]
[WhiteElo "2175"]
[BlackElo "2345"]
[PlyCount "88"]
[EventDate "2020.01.26"]
[EventType "swiss"]
[EventRounds "11"]
[EventCountry "TUR"]
[SourceTitle "CBM 194 Extra"]
[Source "ChessBase"]
[SourceDate "2020.03.31"]
[SourceVersion "1"]
[SourceVersionDate "2020.03.31"]
[SourceQuality "1"]

1. Nf3 Nf6 2. g3 b5 3. Bg2 Bb7 4. Na3 a6 5. c4 e5 6. cxb5 Bxa3 7. bxa3 axb5 8. d3 c5 9. 0-0 d6 10. Qb3 Bc6 11. Bb2 0-0 12. Rac1 Bd5 13. Qc2 Nc6 14. Qb1 b4 15. e4 Be6 16. Ng5 bxa3 17. Nxe6 fxe6 18. Bc3 Qe7 19. Bh3 Rfb8 20. Qc2 Kh8 21. f4 exf4 22. Rxf4 e5 23. Rff1 Nb4 24. Qe2 Qf7 25. Rf2 Nc6 26. Qf1 Rf8 27. Kh1 Qe7 28. Qe2 Nd4 29. Bxd4 exd4 30. Rcf1 Rab8 31. Qd1 d5 32. e5 Qxe5 33. Qa4 h6 34. Qxa3 c4 35. Qc5 cxd3 36. Rf5 Qe2 37. R5f2 Qh5 38. Bf5 d2 39. Bc2 Rbc8 40. Bd1 Rxc5 41. Bxh5 Rfc8 42. Bf3 Rc1 43. Kg2 Ne4 44. Bxe4 Rxf1 0-1

[Event "World ol U16"]
[Site "Konya"]
[Date "2018.11.30"]
[Round "7.6"]
[White "Kara, Yanki"]
[Black "Katkov, Michelle"]
[Result "1-0"]
[WhiteElo "2212"]
[BlackElo "1847"]
[PlyCount "123"]
[EventDate "2018.11.25"]
[EventType "team-swiss"]
[EventRounds "9"]
[EventCountry "TUR"]
[SourceTitle "CBM 187 Extra"]
[Source "ChessBase"]
[SourceDate "2018.11.04"]
[SourceVersion "1"]
[SourceVersionDate "2018.11.04"]
[SourceQuality "1"]
[WhiteTeam "Turkey White"]
[BlackTeam "Israel"]
[WhiteTeamCountry "TUR"]
[BlackTeamCountry "ISR"]

1. Nf3 Nf6 2. g3 d5 3. Bg2 c6 4. 0-0 Bg4 5. d3 Nbd7 6. Nbd2 e5 7. e4 dxe4 8. dxe4 Bc5 9. Qe1 0-0 10. h3 Bxf3 11. Nxf3 a5 12. Nh4 Re8 13. Bg5 h6 14. Bd2 Nf8 15. Rd1 N6d7 16. Nf5 b6 17. Qe2 Qf6 18. Qg4 Kh8 19. Kh1 Rad8 20. a3 Ne6 21. b4 axb4 22. axb4 Bf8 23. Bc3 Qg5 24. Qe2 c5 25. bxc5 bxc5 26. Bd2 Qg6 27. c3 Nc7 28. Ra1 Ra8 29. Rfd1 Qe6 30. Bf1 Nb6 31. Ne3 Red8 32. Rxa8 Rxa8 33. Rb1 Qc6 34. f3 Ra2 35. Qd1 c4 36. Ra1 Rxa1 37. Qxa1 Qb5 38. Qa7 Bd6 39. Qa2 Qc5 40. Kg2 Nb5 41. Nxc4 Bc7 42. Be3 Qc6 43. Nxb6 Bxb6 44. Bxb6 Nxc3 45. Qc4 Qxb6 46. Qxc3 Qd6 47. Qe3 Qc6 48. Qb3 Qc7 49. Bc4 Kg8 50. h4 g6 51. Qa4 Kg7 52. Bd5 h5 53. Qc6 Qe7 54. Qc8 Qd6 55. Qe8 Qc7 56. Kh3 Qa7 57. Qxe5+ Kg8 58. Qf6 Kf8 59. Qxf7+ Qxf7 60. Bxf7 Kxf7 61. g4 hxg4+ 62. Kxg4 1-0

[Event "World ol U16"]
[Site "Konya"]
[Date "2018.11.30"]
[Round "6.8"]
[White "Malicka, Maria"]
[Black "Kara, Yanki"]
[Result "1/2-1/2"]
[WhiteElo "2013"]
[BlackElo "2212"]
[PlyCount "109"]
[EventDate "2018.11.25"]
[EventType "team-swiss"]
[EventRounds "9"]
[EventCountry "TUR"]
[SourceTitle "CBM 187 Extra"]
[Source "ChessBase"]
[SourceDate "2018.11.04"]
[SourceVersion "1"]
[SourceVersionDate "2018.11.04"]
[SourceQuality "1"]
[WhiteTeam "Poland"]
[BlackTeam "Turkey White"]
[WhiteTeamCountry "POL"]
[BlackTeamCountry "TUR"]

1. e4 g6 2. d4 Bg7 3. Nc3 d6 4. f4 a6 5. Nf3 b5 6. Bd3 Nd7 7. a4 c5 8. axb5 cxd4 9. Ne2 Qb6 10. 0-0 Nc5 11. Kh1 e5 12. c3 Bd7 13. fxe5 dxe5 14. Bc4 Be6 15. Bxe6 Nxe6 16. cxd4 exd4 17. Qa4 Ne7 18. bxa6+ Nc6 19. Ng5 0-0 20. Nxe6 fxe6 21. Rxf8+ Rxf8 22. Bg5 h6 23. Bh4 d3 24. Ng1 Qxb2 25. Rd1 Qb6 26. Nf3 g5 27. Bg3 g4 28. Nd2 Qc5 29. Qc4 Qxc4 30. Nxc4 Ra8 31. Rxd3 Bf8 32. h3 gxh3 33. gxh3 Rxa6 34. Kg2 Ra4 35. Nd2 Ra2 36. Kf3 h5 37. Nc4 Bc5 38. Bd6 Bd4 39. Kg3 Rc2 40. Ne3 Re2 41. Kf3 Rb2 42. Nc4 Rb7 43. Kg2 h4 44. Kf3 Rf7+ 45. Kg4 e5 46. Kxh4 Rf4+ 47. Kg5 Rxe4 48. Kf5 Rf4+ 49. Ke6 Rh4 50. Nxe5 Bxe5 51. Bxe5 Nxe5 52. Kxe5 Rh5+ 53. Kf4 Ra5 54. h4 Kh7 55. Kg4 1/2-1/2

[Event "World ol U16"]
[Site "Konya"]
[Date "2018.11.26"]
[Round "3.15"]
[White "Ibrahimli, Murad Sultanali"]
[Black "Kara, Yanki"]
[Result "1-0"]
[WhiteElo "2379"]
[BlackElo "2212"]
[PlyCount "93"]
[EventDate "2018.11.25"]
[EventType "team-swiss"]
[EventRounds "9"]
[EventCountry "TUR"]
[SourceTitle "CBM 187 Extra"]
[Source "ChessBase"]
[SourceDate "2018.11.04"]
[SourceVersion "1"]
[SourceVersionDate "2018.11.04"]
[SourceQuality "1"]
[WhiteTeam "Azerbaijan"]
[BlackTeam "Turkey White"]
[WhiteTeamCountry "AZE"]
[BlackTeamCountry "TUR"]

1. d4 g6 2. c4 Bg7 3. Nc3 d6 4. e4 Nf6 5. f3 0-0 6. Be3 c5 7. d5 e6 8. Qd2 exd5 9. cxd5 Nbd7 10. Nh3 a6 11. a4 Ne8 12. Be2 Ne5 13. Nf2 f5 14. 0-0 b6 15. exf5 gxf5 16. Rab1 Ra7 17. Rfc1 Re7 18. Bg5 Nf6 19. Bh6 Bxh6 20. Qxh6 Rg7 21. Nh3 Rg6 22. Qh4 Rg7 23. Kh1 Ng6 24. Qh6 Kh8 25. b4 f4 26. bxc5 bxc5 27. Nxf4 Nxf4 28. Qxf4 Nh5 29. Qd2 Qh4 30. Ne4 Bf5 31. Qe1 Qe7 32. Bxa6 Rg6 33. Rb7 Qd8 34. Nc3 Rfg8 35. Bf1 Qg5 36. Rd1 Qh6 37. Qh4 Rg5 38. Kg1 Qf6 39. Qe1 Bh3 40. Ne4 Qg6 41. Nxg5 Qxg5 42. Qc3+ Nf6 43. g3 Bxf1 44. Rxf1 Rf8 45. Re1 Qxd5 46. Re8 Qd1+ 47. Kg2 1-0

[Event "World ol U16"]
[Site "Konya"]
[Date "2018.11.25"]
[Round "1.21"]
[White "Kara, Yanki"]
[Black "Igisinova, Liya"]
[Result "1-0"]
[WhiteElo "2212"]
[BlackElo "1482"]
[PlyCount "39"]
[EventDate "2018.11.25"]
[EventType "team-swiss"]
[EventRounds "9"]
[EventCountry "TUR"]
[SourceTitle "CBM 187 Extra"]
[Source "ChessBase"]
[SourceDate "2018.11.04"]
[SourceVersion "1"]
[SourceVersionDate "2018.11.04"]
[SourceQuality "1"]
[WhiteTeam "Turkey White"]
[BlackTeam "Kazakhstan Karaganda"]
[WhiteTeamCountry "TUR"]
[BlackTeamCountry "KAZ"]

1. Nf3 d5 2. g3 Nf6 3. Bg2 c5 4. 0-0 Nc6 5. d4 Bf5 6. c4 cxd4 7. Nxd4 Nxd4 8. Qxd4 dxc4 9. Qxc4 Qd7 10. Nc3 e6 11. Rd1 Rc8 12. Rxd7 Rxc4 13. Rxb7 a5 14. Rb8+ Kd7 15. Bf4 Rd4 16. Nb5 Rb4 17. Rb7+ Ke8 18. Bc6+ Kd8 19. Rb8+ Ke7 20. Bd6# 1-0

[Event "Wch U20 57th"]
[Site "Manavgat"]
[Date "2018.09.12"]
[Round "8"]
[White "Kara, Yanki"]
[Black "Petkov, Momchil"]
[Result "0-1"]
[WhiteElo "2262"]
[BlackElo "2163"]
[PlyCount "71"]
[EventDate "2018.09.05"]
[EventType "swiss"]
[EventRounds "11"]
[EventCountry "TUR"]
[SourceTitle "CBM 186 Extra"]
[Source "ChessBase"]
[SourceDate "2018.08.24"]
[SourceVersion "1"]
[SourceVersionDate "2018.08.24"]
[SourceQuality "1"]

1. Nf3 Nf6 2. g3 d5 3. Bg2 c6 4. c4 Bf5 5. cxd5 cxd5 6. Qb3 Nc6 7. Qxb7 Bd7 8. Qb3 e5 9. 0-0 Rb8 10. Qd1 e4 11. Ne1 h5 12. d3 h4 13. Bf4 hxg3 14. Bxg3 Rxb2 15. Nc3 Qa5 16. Rc1 Bb4 17. Nb1 Nd4 18. Nc2 Nxc2 19. Rxc2 Qxa2 20. Nc3 Qb3 21. Rxb2 Qxb2 22. Nb1 0-0 23. Bh4 Bf5 24. d4 Nd7 25. Bg5 a5 26. h4 Rc8 27. f3 exf3 28. Bxf3 Bc2 29. Qc1 Qxd4+ 30. Kg2 Ne5 31. Qf4 Qxf4 32. Bxf4 Nxf3 33. Kxf3 a4 34. Be5 a3 35. Ke3 Re8 36. Kd4 0-1

[Event "Wch U20 57th"]
[Site "Manavgat"]
[Date "2018.09.07"]
[Round "4"]
[White "Kara, Yanki"]
[Black "Rajic, Ivan1111"]
[Result "1-0"]
[WhiteElo "2262"]
[BlackElo "2021"]
[PlyCount "53"]
[EventDate "2018.09.05"]
[EventType "swiss"]
[EventRounds "11"]
[EventCountry "TUR"]
[SourceTitle "CBM 186 Extra"]
[Source "ChessBase"]
[SourceDate "2018.08.24"]
[SourceVersion "1"]
[SourceVersionDate "2018.08.24"]
[SourceQuality "1"]

1. Nf3 Nf6 2. g3 g6 3. b3 Bg7 4. Bb2 0-0 5. Bg2 d5 6. c4 c6 7. 0-0 Nbd7 8. d4 e6 9. Nbd2 b6 10. Qc2 c5 11. Rfd1 Bb7 12. Rac1 Rc8 13. Qb1 Re8 14. Qa1 Ne4 15. e3 Qe7 16. Qb1 Nxd2 17. Nxd2 Nf6 18. dxc5 bxc5 19. Qc2 e5 20. cxd5 Nxd5 21. a3 Nb6 22. Bxb7 Qxb7 23. Ne4 Red8 24. Nd6 Rxd6 25. Rxd6 c4 26. Rcd1 c3 27. Rd8+ 1-0

[Event "Wch U20 57th"]
[Site "Manavgat"]
[Date "2018.09.06"]
[Round "2"]
[White "Kara, Yanki"]
[Black "Priasmoro, Novendra"]
[Result "0-1"]
[WhiteElo "2262"]
[BlackElo "2498"]
[PlyCount "70"]
[EventDate "2018.09.05"]
[EventType "swiss"]
[EventRounds "11"]
[EventCountry "TUR"]
[SourceTitle "CBM 186 Extra"]
[Source "ChessBase"]
[SourceDate "2018.08.24"]
[SourceVersion "1"]
[SourceVersionDate "2018.08.24"]
[SourceQuality "1"]

1. d4 d6 2. c4 e5 3. Nf3 Nd7 4. Nc3 Ngf6 5. e4 g6 6. Bg5 Bg7 7. Be2 0-0 8. 0-0 h6 9. Be3 Re8 10. Nd2 Ng4 11. d5 Nxe3 12. fxe3 a5 13. Bg4 Rf8 14. Qe2 h5 15. Bh3 Bh6 16. Rf3 Kg7 17. Raf1 Qe7 18. Nb3 a4 19. Nc1 Nb6 20. Bxc8 Raxc8 21. b3 axb3 22. axb3 c6 23. N1a2 cxd5 24. Nxd5 Nxd5 25. cxd5 Rc7 26. Qd3 Bg5 27. Nc3 Qd7 28. Na4 Qe8 29. Nb6 f6 30. Rd1 Kh6 31. Nc4 Qd8 32. g3 Kg7 33. h4 Bh6 34. Kh2 Rcf7 35. Rdf1 Kg8 0-1

[Event "TUR-chT"]
[Site "Ankara"]
[Date "2018.07.30"]
[Round "7.4"]
[White "Uzumcu, Ahmet Utku"]
[Black "Kara, Yanki"]
[Result "0-1"]
[WhiteElo "2261"]
[BlackElo "2120"]
[PlyCount "64"]
[EventDate "2018.07.25"]
[EventType "team-tourn"]
[EventRounds "13"]
[EventCountry "TUR"]
[SourceTitle "CBM 185 Extra"]
[Source "ChessBase"]
[SourceDate "2018.07.29"]
[SourceVersion "1"]
[SourceVersionDate "2018.07.29"]
[SourceQuality "1"]
[WhiteTeam "Hatay Buyuksehir"]
[BlackTeam "Rota Koleji Dernegi"]
[WhiteTeamCountry "TUR"]
[BlackTeamCountry "TUR"]

1. e4 g6 2. d4 Bg7 3. Nc3 d6 4. f4 a6 5. Be2 Nd7 6. Bf3 c5 7. dxc5 Nxc5 8. Nge2 Nf6 9. 0-0 0-0 10. h3 Rb8 11. Be3 Nfd7 12. a4 b6 13. g4 Bb7 14. Qd2 b5 15. axb5 axb5 16. Ng3 b4 17. Na4 Qc7 18. Nxc5 Nxc5 19. Rab1 Rfc8 20. b3 Qb6 21. Qf2 Ra8 22. f5 Qc7 23. Bd4 Nd7 24. fxg6 fxg6 25. Be2 Bxd4 26. Qxd4 Ne5 27. Qxb4 Qc3 28. Qxc3 Rxc3 29. Kh2 Rxc2 30. Rf2 Raa2 31. Rbf1 Ba6 32. Re1 Nd3 0-1

[Event "TUR-chT"]
[Site "Ankara"]
[Date "2018.07.25"]
[Round "1.1"]
[White "Isik, Alparslan"]
[Black "Kara, Yanki"]
[Result "1-0"]
[WhiteElo "2212"]
[BlackElo "2120"]
[PlyCount "73"]
[EventDate "2018.07.25"]
[EventType "team-tourn"]
[EventRounds "13"]
[EventCountry "TUR"]
[SourceTitle "CBM 185 Extra"]
[Source "ChessBase"]
[SourceDate "2018.07.29"]
[SourceVersion "1"]
[SourceVersionDate "2018.07.29"]
[SourceQuality "1"]
[WhiteTeam "Besiktas Jimnastik"]
[BlackTeam "Rota Koleji Dernegi"]
[WhiteTeamCountry "TUR"]
[BlackTeamCountry "TUR"]

1. d4 Nf6 2. c4 e6 3. Nf3 d5 4. Nc3 Be7 5. Bf4 0-0 6. e3 b6 7. Bd3 Bb7 8. cxd5 exd5 9. 0-0 a6 10. Rc1 Nbd7 11. Ne5 c5 12. Qf3 Rc8 13. Bf5 g6 14. Bh3 Kg7 15. Bxd7 Nxd7 16. Qh3 Nxe5 17. Bh6+ Kg8 18. Bxf8 Bxf8 19. dxe5 Bg7 20. Rfd1 d4 21. exd4 cxd4 22. e6 f5 23. Ne2 Rxc1 24. Nxc1 Bd5 25. Re1 Qe7 26. Qg3 Bf8 27. Qe5 Ba8 28. Qxd4 Qg5 29. g3 Bc5 30. Qf4 Qd8 31. Qc4 Qe7 32. Qxa6 Bb7 33. Qb5 f4 34. Nd3 fxg3 35. hxg3 Qg5 36. Nxc5 Qh5 37. Qe8+ 1-0

[Event "Silver Lake op-B"]
[Site "Veliko Gradiste"]
[Date "2018.06.22"]
[Round "7"]
[White "Kara, Yanki"]
[Black "Alivodic, Dario"]
[Result "1-0"]
[WhiteElo "2039"]
[BlackElo "1997"]
[PlyCount "119"]
[EventDate "2018.06.17"]
[EventType "swiss"]
[EventRounds "9"]
[EventCountry "SRB"]
[SourceTitle "EXT 2019"]
[Source "ChessBase"]
[SourceDate "2018.10.10"]
[SourceVersion "1"]
[SourceVersionDate "2018.10.10"]
[SourceQuality "1"]

1. Nf3 Nf6 2. g3 d5 3. Bg2 c6 4. c4 dxc4 5. 0-0 Nbd7 6. Qc2 Nb6 7. Na3 Be6 8. b3 cxb3 9. axb3 Bd5 10. d3 Bxf3 11. Bxf3 e6 12. e4 Be7 13. Be3 0-0 14. Rfb1 a5 15. Nc4 Nbd7 16. d4 Bb4 17. Rd1 Qe7 18. Bf4 Rfc8 19. Rac1 b5 20. Nb2 e5 21. dxe5 Nxe5 22. Bg2 Ra6 23. Be3 Neg4 24. Bd4 Rd8 25. h3 Ne5 26. f4 Ned7 27. Bf2 Nf8 28. Rxd8 Qxd8 29. Rd1 Qc8 30. e5 N6d7 31. Nd3 Be7 32. Rc1 Nb8 33. Nc5 Bxc5 34. Qxc5 Qd7 35. Qc2 a4 36. bxa4 bxa4 37. Ra1 c5 38. Qxc5 Ne6 39. Qc2 g6 40. Rd1 Qe8 41. Bf1 Ra8 42. g4 a3 43. f5 Nf4 44. e6 fxe6 45. fxe6 Nc6 46. e7 Nxe7 47. Bc4+ Kg7 48. Bd4+ Kh6 49. Be3 g5 50. h4 Nh3+ 51. Kh2 Ng6 52. Qd2 Nhf4 53. hxg5+ Kxg5 54. Kg3 Qe5 55. Rh1 Qc7 56. Rh5+ Kf6 57. Qd4+ Ke7 58. Rxh7+ Ke8 59. Rxc7 a2 60. Qd7+ 1-0

[Event "Silver Lake op-B"]
[Site "Veliko Gradiste"]
[Date "2018.06.21"]
[Round "6"]
[White "Minas, Ioannis"]
[Black "Kara, Yanki"]
[Result "0-1"]
[WhiteElo "1964"]
[BlackElo "2039"]
[PlyCount "92"]
[EventDate "2018.06.17"]
[EventType "swiss"]
[EventRounds "9"]
[EventCountry "SRB"]
[SourceTitle "EXT 2019"]
[Source "ChessBase"]
[SourceDate "2018.10.10"]
[SourceVersion "1"]
[SourceVersionDate "2018.10.10"]
[SourceQuality "1"]

1. e4 g6 2. d4 Bg7 3. Nc3 d6 4. Bc4 Nf6 5. Bb3 0-0 6. Nge2 a6 7. 0-0 Nbd7 8. f4 c5 9. e5 Ne8 10. e6 fxe6 11. Bxe6+ Kh8 12. Be3 Ndf6 13. Bxc8 Qxc8 14. Kh1 b5 15. Ng3 b4 16. Nce2 Nd5 17. Bg1 c4 18. a3 a5 19. Rf3 Nec7 20. Qf1 e6 21. Ne4 Qd7 22. h4 Qc6 23. h5 gxh5 24. N2g3 h4 25. Nh5 Ne7 26. Qe1 Nf5 27. Nxg7 Kxg7 28. Ng5 h6 29. Nh3 Rab8 30. axb4 Rxb4 31. Rxa5 Rb5 32. Ra7 Rf7 33. b3 cxb3 34. cxb3 Qd5 35. Qc3 Ne8 36. Rxf7+ Kxf7 37. Rd3 Rb7 38. Nf2 Rc7 39. Qe1 Nf6 40. Kh2 Rc8 41. Qa1 Rg8 42. Qa7+ Kg6 43. Qa4 Kh7 44. Rf3 Rxg2+ 45. Kxg2 Ne3+ 46. Kh2 Qxf3 0-1

[Event "TUR Cup										"]
[Site "Antalya"]
[Date "2018.02.01"]
[Round "8"]
[White "Sahin, Huseyin"]
[Black "Kara, Yanki"]
[Result "0-1"]
[WhiteElo "1823"]
[BlackElo "1981"]
[PlyCount "96"]
[EventDate "2018.01.27"]
[EventType "swiss"]
[EventRounds "11"]
[EventCountry "TUR"]
[SourceTitle "CBM 182 Extra"]
[Source "ChessBase"]
[SourceDate "2018.02.23"]
[SourceVersion "1"]
[SourceVersionDate "2018.02.23"]
[SourceQuality "1"]

1. e4 g6 2. d4 Bg7 3. Nf3 d6 4. Bc4 Nf6 5. Nc3 0-0 6. 0-0 Nxe4 7. Nxe4 d5 8. Ned2 dxc4 9. Nxc4 b6 10. Re1 Bb7 11. c3 Nd7 12. Be3 Nf6 13. Qe2 Qd5 14. Bf4 c5 15. dxc5 Qxc5 16. Nce5 Rad8 17. Rad1 Qc8 18. h3 Nd5 19. Bg3 f6 20. Ng4 e5 21. Ne3 Rfe8 22. Nxd5 Bxd5 23. Nd2 Bf8 24. c4 Bb7 25. b3 Bb4 26. Rf1 Qf5 27. Nb1 Be4 28. a3 Bf8 29. Qb2 Bc5 30. Rxd8 Rxd8 31. Nc3 Ba8 32. b4 Bd4 33. Qd2 Qc8 34. Nd5 Qb7 35. Kh2 b5 36. Qh6 Qg7 37. Qxg7+ Kxg7 38. f4 bxc4 39. Nxf6 exf4 40. Bh4 Bxf6 41. Bxf6+ Kxf6 42. Rxf4+ Ke5 43. Rxc4 Rd2 44. Rg4 Be4 45. Kg1 h5 46. Rg3 Kf4 47. Rc3 Rxg2+ 48. Kf1 Rg3 0-1

[Event "TUR Cup										"]
[Site "Antalya"]
[Date "2018.01.31"]
[Round "7"]
[White "Kara, Yanki"]
[Black "Ersahin, Bulent"]
[Result "0-1"]
[WhiteElo "1981"]
[BlackElo "2189"]
[PlyCount "148"]
[EventDate "2018.01.27"]
[EventType "swiss"]
[EventRounds "11"]
[EventCountry "TUR"]
[SourceTitle "CBM 182 Extra"]
[Source "ChessBase"]
[SourceDate "2018.02.23"]
[SourceVersion "1"]
[SourceVersionDate "2018.02.23"]
[SourceQuality "1"]

1. Nf3 Nf6 2. g3 g6 3. b3 Bg7 4. Bb2 c5 5. c4 0-0 6. Bg2 Nc6 7. 0-0 d6 8. d4 Bf5 9. d5 Na5 10. Nc3 a6 11. Nd2 Rb8 12. e4 Bd7 13. Qc2 b5 14. Rae1 bxc4 15. bxc4 e6 16. f4 Ng4 17. Nd1 Rxb2 18. Nxb2 Bd4+ 19. Kh1 Nf2+ 20. Rxf2 Bxf2 21. Rb1 Bd4 22. Nd3 exd5 23. cxd5 Re8 24. Nb2 f5 25. Nbc4 Nxc4 26. Nxc4 Qc7 27. e5 dxe5 28. d6 Qd8 29. fxe5 Bxe5 30. Nxe5 Rxe5 31. Qc4+ Kg7 32. Qxa6 Qe8 33. h3 Re2 34. Qa7 Kh6 35. Qxc5 Rxg2 36. Qc1+ g5 37. Kxg2 Bc6+ 38. Kf2 Qe4 39. Qb2 Qf3+ 40. Ke1 Qxg3+ 41. Kd2 Qxd6+ 42. Kc3 Qc5+ 43. Kd2 Qf2+ 44. Kc3 Qg3+ 45. Kd2 Qh2+ 46. Ke1 Qg1+ 47. Ke2 Qg2+ 48. Ke1 Qg3+ 49. Kd2 Qf2+ 50. Kc3 Qe3+ 51. Kb4 Qe7+ 52. Kc3 Be4 53. Qb6+ Kh5 54. Rb3 Qe5+ 55. Kb4 Bd5 56. Re3 Qb2+ 57. Kc5 Qxb6+ 58. Kxb6 Bxa2 59. Re7 h6 60. Kc5 f4 61. Kd4 Kh4 62. Rh7 h5 63. Rh6 Bb1 64. Ke5 f3 65. Kd4 Kxh3 66. Rxh5+ Kg4 67. Rh8 f2 68. Rh1 Kf3 69. Rxb1 g4 70. Ke5 g3 71. Kf5 g2 72. Rb3+ Ke2 73. Rb2+ Ke3 74. Rb3+ Kd4 0-1

[Event "TUR Cup										"]
[Site "Antalya"]
[Date "2018.01.30"]
[Round "6"]
[White "Mataraci, Omer Baransel"]
[Black "Kara, Yanki"]
[Result "0-1"]
[WhiteElo "1694"]
[BlackElo "1981"]
[PlyCount "100"]
[EventDate "2018.01.27"]
[EventType "swiss"]
[EventRounds "11"]
[EventCountry "TUR"]
[SourceTitle "CBM 182 Extra"]
[Source "ChessBase"]
[SourceDate "2018.02.23"]
[SourceVersion "1"]
[SourceVersionDate "2018.02.23"]
[SourceQuality "1"]

1. d4 g6 2. e4 Bg7 3. Nf3 d6 4. Nc3 a6 5. a4 b6 6. Be3 Bb7 7. Bc4 e6 8. 0-0 h6 9. d5 e5 10. Nd2 Ne7 11. f4 exf4 12. Bxf4 Nd7 13. Nf3 0-0 14. Qd2 g5 15. Bg3 Ng6 16. Nd4 Bxd4+ 17. Qxd4 Nde5 18. Be2 Qe7 19. Nd1 f6 20. Ne3 Rae8 21. Nf5 Qh7 22. Bh5 Bc8 23. c4 a5 24. b4 axb4 25. a5 Nd7 26. axb6 Nc5 27. Nxd6 cxd6 28. Bxd6 Nb3 29. Qb2 Nxa1 30. Bxf8 Rxf8 31. Bxg6 Qxg6 32. Re1 f5 33. c5 fxe4 34. Qxa1 Qf5 35. Qd4 e3 36. Qxe3 Qxd5 37. c6 Qxc6 38. Qb3+ Kh8 39. Qxb4 Qf6 40. Qc5 Bb7 41. h3 Rf7 42. Kh1 Kg7 43. Qe3 Qc6 44. Qd4+ Kg8 45. Qb2 Qf6 46. Qb4 Qf2 47. Re8+ Kg7 48. Qc3+ Qf6 49. Qg3 Qxb6 50. Qb8 Rf1+ 0-1

[Event "TUR Cup										"]
[Site "Antalya"]
[Date "2018.01.29"]
[Round "4"]
[White "Koksal, Recep"]
[Black "Kara, Yanki"]
[Result "0-1"]
[WhiteElo "1763"]
[BlackElo "1981"]
[PlyCount "106"]
[EventDate "2018.01.27"]
[EventType "swiss"]
[EventRounds "11"]
[EventCountry "TUR"]
[SourceTitle "CBM 182 Extra"]
[Source "ChessBase"]
[SourceDate "2018.02.23"]
[SourceVersion "1"]
[SourceVersionDate "2018.02.23"]
[SourceQuality "1"]

1. e4 g6 2. d4 Bg7 3. Nc3 d6 4. Be3 a6 5. a4 b6 6. Be2 Bb7 7. Bf3 Nd7 8. Nge2 Rc8 9. 0-0 c5 10. Ng3 Ngf6 11. d5 0-0 12. Be2 Qc7 13. f4 Kh8 14. Bc4 Rce8 15. Qe2 e6 16. dxe6 fxe6 17. h3 d5 18. Bxa6 d4 19. Bxb7 Qxb7 20. Nb5 dxe3 21. Nd6 Qc7 22. Nxe8 Rxe8 23. Rad1 Bh6 24. Qxe3 e5 25. Ne2 exf4 26. Qc3 Re6 27. Nd4 Rxe4 28. Nb5 Qe5 29. Qf3 Bf8 30. Nc3 Rd4 31. Rde1 Qf5 32. Re2 g5 33. Nb5 Re4 34. g4 Qd5 35. Rfe1 Ne5 36. Qf1 Rxe2 37. Rxe2 c4 38. c3 f3 39. Rxe5 Qxe5 40. Qxf3 Bc5+ 41. Nd4 Bxd4+ 42. cxd4 Qxd4+ 43. Kf1 Qf4 44. Ke2 Qxf3+ 45. Kxf3 Nd5 46. Ke4 c3 47. bxc3 Nxc3+ 48. Kf5 h6 49. Kg6 Nxa4 50. Kxh6 b5 51. Kxg5 b4 52. Kf6 b3 53. g5 Kg8 0-1

[Event "TUR-chT2"]
[Site "Konya"]
[Date "2016.07.18"]
[Round "3.4"]
[White "Kara, Yanki"]
[Black "Daghan, Devran"]
[Result "0-1"]
[WhiteElo "1954"]
[BlackElo "1959"]
[PlyCount "64"]
[EventDate "2016.07.17"]
[EventType "team-swiss"]
[EventRounds "9"]
[EventCountry "TUR"]
[SourceTitle "CBM 173 Extra"]
[Source "ChessBase"]
[SourceDate "2016.08.29"]
[SourceVersion "1"]
[SourceVersionDate "2016.08.29"]
[SourceQuality "1"]
[WhiteTeam "Izmir Rota Koleji"]
[BlackTeam "Karaman Saglik"]
[WhiteTeamCountry "TUR"]
[BlackTeamCountry "TUR"]

1. d4 d6 2. Nf3 g6 3. c4 Bg7 4. Nc3 Nc6 5. h3 e5 6. d5 Nce7 7. e4 f5 8. Be2 Nf6 9. Nd2 0-0 10. 0-0 f4 11. b4 g5 12. c5 Ng6 13. Nc4 Nh4 14. Ba3 Qd7 15. cxd6 Nxg2 16. Bg4 Nxg4 17. Qxg4 Qxg4 18. hxg4 f3 19. Bc1 Nf4 20. dxc7 Bxg4 21. Ne3 Bd7 22. Nf5 Rf6 23. Bxf4 gxf4 24. Rfd1 Bf8 25. Rab1 Bd6 26. Rbc1 Rc8 27. a4 a6 28. Rb1 Rxc7 29. Rdc1 Rxf5 30. exf5 Bxf5 31. Rb3 Bh3 32. Rd1 Rg7+ 0-1

[Event "TUR-chT2"]
[Site "Konya"]
[Date "2016.07.17"]
[Round "1.3"]
[White "Ibik, Halit Yavuz"]
[Black "Kara, Yanki"]
[Result "1/2-1/2"]
[WhiteElo "1851"]
[BlackElo "1954"]
[PlyCount "137"]
[EventDate "2016.07.17"]
[EventType "team-swiss"]
[EventRounds "9"]
[EventCountry "TUR"]
[SourceTitle "CBM 173 Extra"]
[Source "ChessBase"]
[SourceDate "2016.08.29"]
[SourceVersion "1"]
[SourceVersionDate "2016.08.29"]
[SourceQuality "1"]
[WhiteTeam "Ankara Ego"]
[BlackTeam "Izmir Rota Koleji"]
[WhiteTeamCountry "TUR"]
[BlackTeamCountry "TUR"]

1. e4 e6 2. d4 d5 3. exd5 exd5 4. c4 Nf6 5. Nf3 Bd6 6. Bd3 dxc4 7. Bxc4 0-0 8. 0-0 Nc6 9. Nc3 Bg4 10. Be3 Qd7 11. Be2 Rfe8 12. a3 a6 13. Qc2 Qf5 14. Qxf5 Bxf5 15. h3 h6 16. Rad1 Rad8 17. Bd3 Bxd3 18. Rxd3 Ne7 19. Rfd1 Ned5 20. Nxd5 Nxd5 21. Nd2 Bf4 22. Nf1 Re6 23. g3 Bd6 24. f4 Rde8 25. Bf2 Re2 26. R3d2 g5 27. fxg5 hxg5 28. Rxe2 Rxe2 29. Rd2 Re4 30. Kg2 f5 31. Kf3 Re7 32. Rd3 f4 33. g4 Rh7 34. Ke4 c6 35. Nd2 Re7+ 36. Kf3 Rh7 37. Ke4 Re7+ 38. Kf3 Rh7 39. Ke4 Kf7 40. Nf3 Kf6 41. Nd2 b5 42. Rf3 Nb6 43. Kd3 Bc7 44. Ne4+ Kg6 45. b3 a5 46. Be1 a4 47. bxa4 Nxa4 48. Bb4 Nb2+ 49. Kc3 Nc4 50. Bc5 Rd7 51. a4 Ba5+ 52. Kb3 Ne3 53. axb5 cxb5 54. Nd6 Be1 55. Nxb5 Rh7 56. Nc3 Rb7+ 57. Bb4 Kf7 58. Ka4 Ke8 59. Nb5 Bxb4 60. Kxb4 Nc2+ 61. Kc3 Rxb5 62. Kxc2 Kd7 63. Kd3 Ke6 64. Ke4 Rb1 65. d5+ Kf6 66. Kd4 Rd1+ 67. Ke4 Re1+ 68. Kd4 Rd1+ 69. Ke4 1/2-1/2

[Event "TUR-ch U20"]
[Site "Canakkale"]
[Date "2016.07.01"]
[Round "7"]
[White "Kara, Yanki"]
[Black "Olcum, Ahmet"]
[Result "0-1"]
[WhiteElo "1954"]
[BlackElo "2072"]
[PlyCount "76"]
[EventDate "2016.06.27"]
[EventType "swiss"]
[EventRounds "9"]
[EventCountry "TUR"]
[SourceTitle "CBM 173 Extra"]
[Source "ChessBase"]
[SourceDate "2016.08.29"]
[SourceVersion "1"]
[SourceVersionDate "2016.08.29"]
[SourceQuality "1"]

1. d4 d6 2. c4 e5 3. dxe5 dxe5 4. Qxd8+ Kxd8 5. Nc3 c6 6. Bd2 Be6 7. e3 Nd7 8. 0-0-0 f5 9. Nf3 Ngf6 10. h3 Kc7 11. Be2 Bd6 12. Rhg1 h6 13. Na4 Ne4 14. Be1 a5 15. Nc3 Nec5 16. g4 g5 17. gxf5 Bxf5 18. h4 g4 19. Nh2 e4 20. Nf1 h5 21. Ng3 Bg6 22. Nb1 Rhf8 23. Rg2 Ne5 24. Nd2 a4 25. Nb1 Nf3 26. Bc3 Nxh4 27. Rh2 Nf3 28. Rhh1 h4 29. Bxf3 hxg3 30. Bxg4 Nd3+ 31. Rxd3 exd3 32. f4 Bc5 33. Be5+ Kb6 34. Kd2 Rae8 35. Nc3 Rxe5 36. fxe5 Rf2+ 37. Ke1 Bxe3 38. Rg1 Rf4 0-1